000 00466nam a2200181Ia 4500
003 GCL
008 140319s9999 xx 000 0 eng d
040 _aGCL /
_cGCL
082 0 4 _a551.63
_bF W
100 1 _aFORSKYKE, A.G
245 1 0 _aWEATHER AND WEATHER FORECASTING /
_cFORSKYKE, A.G
700 1 _aMC BRIDE, ANGUS
260 _a[S.N] :
_bBANTAM BOOKS
650 0 4 _aCLIMATE
650 0 4 _aWEATHER FORECASTING
650 0 4 _aWEATHER CONDITIONS
942 _2ddc
_cBK
999 _c15309
_d15309